Statistics for Geography General Knowledge Quiz #7

Click here to take the quiz!

General Stats

  • This quiz has been taken 104 times
  • The average score is 8 of 10

Answer Stats

QuestionAnswer% Correct
Donald Trump wanted to build a wall between America and which other country?Mexico
100%
In 1887, what famous French tower was being made?Eiffel Tower
99%
What is the one country in the world that begins with Y?Yemen
97%
Istanbul is the mistaken capital of which country?Turkey
96%
What is the longest wall in the world called?The Great Wall of China
94%
What is the capital of Cuba?Havana
91%
What is the smallest US state?Rhode Island
90%
What country does PNG stand for?Papua New Guinea
72%
Monaco is well know for holding what sport every year on its streets?Formula One
68%
What's the poorest country in the world?Burundi
31%

Score Distribution

Percentile by Number Answered

Percent of People with Each Score

Your Score History

You have not taken this quiz